Медицинская информатика (Запись № 1484468)

Подробности
000 -МАРКЕР
контрольное поле 01518nam0a2200313 4500
001 - ИДЕНТИФИКАТОР ЗАПИСИ
контрольное поле RU\NLR\bibl\258578
005 - ИДЕНТИФИКАТОР ВЕРСИИ
контрольное поле 20250620125235.0
021 ## - НОМЕР ГОСУДАРСТВЕННОЙ РЕГИСТРАЦИИ
Код страны Российская Федерация
Номер 2000-26424п
Номер Листа государственной регистраци 955
035 ## - ДРУГИЕ СИСТЕМНЫЕ НОМЕРА
Идентификатор записи (NLR Aleph) 000254310
100 ## - ДАННЫЕ ОБЩЕЙ ОБРАБОТКИ
Данные общей обработки 20020429d2000 |||y0rusy50 ca
101 0# - ЯЗЫК РЕСУРСА
Язык текста, звукозаписи и т.д. русский
Язык оглавления русский
-- английский
102 ## - СТРАНА ПУБЛИКАЦИИ ИЛИ ПРОИЗВОДСТВА
Страна публикации Российская Федерация
105 ## - ПОЛЕ КОДИРОВАННЫХ ДАННЫХ: ТЕКСТОВЫЕ МАТЕРИАЛЫ, МОНОГРАФИЧЕСКИЕ
Кодированные данные о монографическом текстовом документе a |||||||||
200 1# - ЗАГЛАВИЕ И СВЕДЕНИЯ ОБ ОТВЕТСТВЕННОСТИ
Основное заглавие Медицинская информатика
Сведения, относящиеся к заглавию К 15-летию Гл. н.-и. ВЦ
-- [Сб. ст.]
210 ## - ПУБЛИКАЦИЯ, РАСПРОСТРАНЕНИЕ И ДР.
Место издания, распространения и т.д. М.
Имя издателя, распространителя и т. д. Мед. центр Упр. делами Президента Рос. Федерации
Дата издания, распространения и т.д. 2000
215 ## - ФИЗИЧЕСКАЯ ХАРАКТЕРИСТИКА
Специфическое обозначение материала и объем 108 с.
Другие сведения о физической характеристике ил., цв. ил.
Размеры 29
225 1# - СЕРИЯ
Основное заглавие серии Кремлевская медицина. Клинический вестник
Сведения, относящиеся к заглавию Ежекварт. науч.-практ. журн.
Обозначение тома 4: Темат. вып.
320 ## - ПРИМЕЧАНИЯ О НАЛИЧИИ В ДОКУМЕНТЕ БИБЛИОГРАФИИ / УКАЗАТЕЛЯ
Текст примечания Библиогр. в конце ст.
601 02 - НАИМЕНОВАНИЕ ОРГАНИЗАЦИИ КАК ПРЕДМЕТ
Начальный элемент ввода Кремлевская клиническая больница
Структурное подразделение организации Главный научно-исследовательский вычислительный центр
Формальный подзаголовок Сборники
Системный номер авторитетной/нормативной записи 2242773
Идентификатор авторитетной/нормативной записи RU\NLR\auth\661345678
606 0# - НАИМЕНОВАНИЕ ТЕМЫ КАК ПРЕДМЕТ
Наименование темы Информационные системы в медицине
Формальный подзаголовок Сборники
Системный номер авторитетной/нормативной записи 1194616
Идентификатор авторитетной/нормативной записи RU\NLR\auth\66482650
606 0# - НАИМЕНОВАНИЕ ТЕМЫ КАК ПРЕДМЕТ
Наименование темы Медицина
Формальный подзаголовок Сборники
Тематический подзаголовок Информационные системы
Системный номер авторитетной/нормативной записи 2080555
Идентификатор авторитетной/нормативной записи RU\NLR\auth\661256495
686 ## - ИНДЕКСЫ ДРУГИХ КЛАССИФИКАЦИЙ
Индекс Р.ф.я43
801 #0 - ИСТОЧНИК ЗАПИСИ
Страна Российская Федерация
Организация NLR
Дата составления 20020429
Правила каталогизации PSBO
801 #1 - ИСТОЧНИК ЗАПИСИ
Страна Российская Федерация
Организация NLR
Дата составления 20020429
852 ## - МЕСТОНАХОЖДЕНИЕ И ШИФР ХРАНЕНИЯ
Идентификатор организации NLR
Шифр хранения (Call Number) П17/464
942 ## - ДОПОЛНИТЕЛЬНЫЕ ЭЛЕМЕНТЫ ЗАПИСИ (АБИС)
Тип экземпляра АБИС Книга
980 ## - КОЛЛЕКЦИЯ
Название коллекции Национальная библиография
Экземпляры
Тип экземпляра Дата поступления Библиотека постоянного хранения Библиотека текущего хранения Место хранения Шифр хранения Штрих-код Статус экземпляра
Книга 26.10.2013 РНБ (Московский) РНБ (Московский) Русский журнальный фонд П17/464 254310-10